| 000 | 01201nam a2200253Ia 4500 | ||
|---|---|---|---|
| 003 | Ost | ||
| 005 | 20260507075007.0 | ||
| 008 | 260507s9999||||xx |||||||||||||| ||und|| | ||
| 020 | _a9773930750 | ||
| 040 | _cfsecg | ||
| 041 | _aara | ||
| 082 | _a338.9 | ||
| 100 |
_aالرسول، احمد ابو اليزيد _eمؤلف |
||
| 245 | 0 |
_aالتنمية المتواصلة : _bالابعاد والمناهج / _c احمد ابو اليزيد الرسول |
|
| 260 |
_aالإسكندرية: _b, _c2007 |
||
| 300 |
_a283 صفحة؛ _c24 سم |
||
| 504 | _aبيبليوغرافيا: ص.261 -270 | ||
| 520 | _aهذا الكتاب الكتاب به 5 أبواب تدرجت كالتالي : الباب الاول : البيئة والتلوث والتنمية الباب الثاني : الاقتصاد والبيئة الباب الثالث : التنمية المتواصلة (المستدامة ) الباب الرابع : التنمية الزراعية المتواصلة الباب الخامس الزراعة العضوية | ||
| 653 | _aالاقتصاد | ||
| 653 | _aالبيئة | ||
| 653 | _aالتنمية الاقتصادية | ||
| 653 | _aالزراعة | ||
| 942 | _cكتاب | ||
| 999 |
_c42126 _d42126 |
||